00451nam a22001457a 4500020001900000082001200019100002200031245004600053260003700099300002100136500001500157942000700172999001700179952010900196 a978-93-8031-72 a620.11  aAshby, Michael F. aMaterials selection in Mechanical Design  aNew Delhi : bElesevier c2015. a646 p. ;b24 cm. aPaperback. cBK c33742d33742 00102ddc4070aCLbCLd2016-05-12l1m2o620.11 ASHpSMME-2960r2023-01-25s2022-10-10w2016-05-12yBK